Ir para o conteúdo

Пожалейте читателя: Как писать хорошо Практическое пособие

Книга «Пожалейте читателя» — сборник советов Курта Воннегута начинающим писателям его размышления о писательстве как ремесле и искусстве. А еще это биография мастера американской литературы подготовленная после смерти Курта Воннегута писательницей Сьюзен Макконнелл его бывшей студенткой которая мног...

ver descrição completa

Na minha lista:
Detalhes bibliográficos
Autor principal: Воннегут К.
Formato: Практическое пособие
Acesso em linha:https://znanium.ru/catalog/document?id=441452
https://znanium.ru/cover/2137/2137835.jpg
Tags: Adicionar Tag
Sem tags, seja o primeiro a adicionar uma tag!
LEADER 02712nam0a2200277 i 4500
001 RU\infra-m\znanium\bibl\2137835
003 https://znanium.ru/catalog/document?id=441452
005 20240402000000.0
010 |a 978-5-9614-4218-2 
100 |a 20240402d2024 m y0rusy0150 ca 
101 0 |a rus 
102 |a RU 
200 1 |a Пожалейте читателя: Как писать хорошо  |e Практическое пособие 
210 1 |a Москва  |c ООО "Альпина Паблишер"  |d 2021 
215 |a 568 с. 
330 |a Книга «Пожалейте читателя» — сборник советов Курта Воннегута начинающим писателям его размышления о писательстве как ремесле и искусстве. А еще это биография мастера американской литературы подготовленная после смерти Курта Воннегута писательницей Сьюзен Макконнелл его бывшей студенткой которая много лет с ним дружила. Остроумные и язвительные рекомендации Воннегута взятые из его романов эссе лекций статей интервью и писем с подробными комментариями Сьюзен Макконнелл вдохновят каждого кто выбрал писательский путь. Они помогут понять о чем и для кого писать где отыскивать истории и как не пропасть в омуте творческого ступора и страха. «Пожалейте читателя» — полезное руководство для начинающих авторов и отличный подарок всем поклонникам творчества Курта Воннегута. 
333 |a Дополнительное образование 
606 |a Филологические науки  |x Теория литературы  |2 local 
608 |a Практическое пособие  |2 local 
675 |a 808  |z rus 
686 |a 83  |2 rubbk 
700 1 |a Воннегут  |b К.  |g Курт 
701 1 |a Макконнелл  |b С.  |g Сьюзен 
801 0 |a RU  |b Общество с ограниченной ответственностью «ЗНАНИУМ»  |c 20240131  |2 rusmarc 
856 4 |a znanium.ru  |m ebs_support@infra-m.ru  |n НИЦ ИНФРА-М  |u https://znanium.ru/catalog/document?id=441452 
856 4 1 |a znanium.ru  |d /cover/2137  |f 2137835.jpg  |q image/jpeg  |u https://znanium.ru/cover/2137/2137835.jpg